00784 2200277 4500001002100000005001500021035002500036008004100061020002200102041000800124043001200132082001400144090001900158100003300177245006300210250003100273260003600304300002600340650002000366700003200386850001300418999002200431084001400453990002200467990001700489YOGYA-0511000000153320241007101448 a0010-051100000001532110525s2010 yoi 000 1 ind d a978-602-955-825-8 aInd aYOPDDIY042[22]a813 aDep 813bAbd D1 aABDUL RAHMAN, DulePengarang10aDaun-daun rindu /cDul Abdul Rahman; editor Elis Widayanti aCetakan Pertama, Juni 201031aYogyakarta :bDiva Press,c2010 a308 halaman, ;c20 cm 4aFiksi Indonesia1 aWidayanti, ElisePenyunting aBPAD DIY aCB-D.11-2010-1557 a813 ABD d aCB-D.11/2010-1557 a1933-KS/B.11